Famous People Named Tracy - Statistics

General Stats
  • This quiz has been taken 63 times
  • The average score is 4 of 10
Answer Stats
Life Hint Person % Correct
1964– Singer-songwriter: "Fast Car", "Give Me One Reason" Tracy Chapman
82%
Fictional Police detective with a Two-Way Wrist Radio, who debuted in 1931 Dick Tracy
64%
1900–1967 Actor: Guess Who's Coming to Dinner, Inherit the Wind Spencer Tracy
64%
1959– The Simpsons debuted on her show in 1987 Tracey Ullman
64%
1968– SNL cast member Tracy Morgan
44%
1968– X-rated actress who used a fake birth certificate Traci Lords
33%
Fictional BBC children's TV character created by Jacqueline Wilson Tracy Beaker
24%
1979– NBA player (1997–2013) nicknamed "T-Mac" Tracy McGrady
24%
1962– Country singer: "(This Ain't) No Thinkin' Thing", "You're Gonna Miss This" Trace Adkins
22%
1968– Alternative rock musician: "Mother Mother" Tracy Bonham
11%
No matching quizzes found
Score Distribution
Percent of People with Each Score
Percentile by Number Answered
Your Score History
You have not taken this quiz